01146nas a2200325 4500001001300000003000900013005001700022007000300039008003400042040005400076041000900130072000800139100002400147100001800171100001800189100001900207100001800226245007500244650001400319650002500333650001600358650002700374650002500401773010400426856006800530909004000598942001800638999001900656952014500675BR2019002071BR-BrBNA20231205132024.0ta230509b bl.|||p| |||| 00| 00por d aBR-BrBNAbporcBiblioteca Nacional de Agricultura a(En) aF301 aRaseira, M. do C.B.1 aScaranari, C.1 aFranzon, R.C.1 aFeldberg, N.P.1 aNakasu, B.H. 1 a'BRS Mandinho': the first platycarpa peach cultivar released in Brazil aPÊSSEGO aVARIEDADE RESISTENTE aSELEÇÃO aCONDIÇÃO AMBIENTAL aMELHORAMENTO VEGETAL0 tRevista Brasileira de Fruticultura (Brazil)xISSN 1806-9967 g(2016), v. 38(3) p. 1-4wBR201900207140uhttp://www.scielo.br/pdf/rbf/v38n3/0100-2945-rbf-38-3-e-616.pdf a202311bLúciac55dLúcia Elande 2AGRISn0cANA c258023d258023 002AGRIS4071a41918b41918cPeriódicos Agrícolash(2016), v. 38(3) p. 1-4l0r2023-11-29t01yCRePortaria Interministerial nº 164/94